Erfolgreichste Länder bei den Oscars - Statistiken

Allgemein
  • Dieses Quiz wurde 260 mal gespielt
  • Das Durchschnittsergebnis liegt bei 15 aus 20
Antwortstatistiken
Platz Land Siege Nominierungen % Korrekt
3. Deutschland 4 20
100%
2. Frankreich 9 38
95%
3. Spanien 4 20
95%
1. Italien 11 28
94%
15. Japan 1 13
91%
18. Russland 1 7
89%
7. Sowjetunion 3 9
89%
5. Schweden 3 16
88%
17. Mexiko 1 9
85%
16. Polen 1 12
80%
13. Österreich 2 4
78%
8. Niederlande 3 7
77%
19. Kanada 1 6
76%
6. Dänemark 3 12
75%
12. Schweiz 2 5
75%
10. Argentinien 2 7
68%
11. Tschechoslowakei 2 6
66%
9. Ungarn 2 10
53%
14. Iran 2 3
46%
20. Algerien 1 5
20%
Keine übereinstimmenden Quizze gefunden
Verteilung der Resultate
Anzahl Personen mit jedem Resultat
Perzentil nach korrekt beantworteten Fragen
Ihre Resultats-Entwicklung
Sie haben dieses Quiz noch nicht gespielt